000 01879cam a22003371i 4500
003 SA-RiAUC
005 20250911125903.0
008 250910s1992 sy g b 000r0dara c
040 _aSA-JeALM
_bara
_cSA-RiAUC
_erda
082 0 4 _a243
_qSA-RiAUC
090 _a243
_bك ش م
100 1 _aالكشميري، محمد أنور بن معظم شاه،
_d1292-1352 هجري
_eمؤلف.
245 1 2 _aالتصريح بما تواتر فى نزول المسيح /
_cمحمد أنور شاه الكشميري الهندي ؛ رتبه محمد شفيع ؛ حققه وراجع نصوصه وعلق عليه عبد الفتاح أبو غدة.
250 _aالطبعة الخامسة.
264 1 _aحلب، سوريا :
_aبيروت - لبنان :
_bمكتب المطبوعات الإسلامية،
_c1992
300 _a373 صفحة ؛
_c24 سم
336 _aنص
_btxt
_2rdacontent
_3كتاب
337 _aبدون وسيط
_bn
_2rdamedia
338 _aمجلد
_bnc
_2rdacarrier
504 _aببليوجرافية : صفحة 318-322.
520 0 _aتحدث هذا الكتاب عن كثير من علامات الساعة الكبرى مشروحة موضحة وخاصة نزول عيسى عليه السلام وخروج الدجال ويأجوج ومأجوج والدابة والدخان.
600 0 7 _aعيسى (عليه السلام)
_2aucnm
650 7 _aعلامات الساعة
_2aucsh
650 7 _aيوم القيامة
_2aucsh
650 7 _aالسمعيات
_2aucsh
700 1 _aأبو غدة، عبد الفتاح بن محمد بن بشير،
_d1917-1997
_eمحقق.
700 1 2 _iتحقيق لـ :
_aالكشميري، محمد أنور بن معظم شاه،
_d1292-1352 هجري.
_tالتصريح بما تواتر في نزول المسيح
700 1 _aشفيع، محمد
_eمنظم.
942 _2ddc
_cBOOK
_n0
949 _aSA-JeALM
_d250910
_uosman123
_n1
999 _c11637
_d11637